<?xml version="1.0" encoding="UTF-8"?>
<collection xmlns="http://www.loc.gov/MARC21/slim">
 <record>
  <leader>02500caa a2200481   4500</leader>
  <controlfield tag="001">1745797491</controlfield>
  <controlfield tag="003">DE-627</controlfield>
  <controlfield tag="005">20240906103245.0</controlfield>
  <controlfield tag="007">cr uuu---uuuuu</controlfield>
  <controlfield tag="008">210127s2006    xx |||||oo    00| ||ger c</controlfield>
  <datafield tag="024" ind1="7" ind2=" ">
   <subfield code="a">10.11588/cma.2006.0.77714</subfield>
   <subfield code="2">doi</subfield>
  </datafield>
  <datafield tag="035" ind1=" " ind2=" ">
   <subfield code="a">(DE-627)1745797491</subfield>
  </datafield>
  <datafield tag="035" ind1=" " ind2=" ">
   <subfield code="a">(DE-599)KXP1745797491</subfield>
  </datafield>
  <datafield tag="035" ind1=" " ind2=" ">
   <subfield code="a">(OCoLC)1264405753</subfield>
  </datafield>
  <datafield tag="040" ind1=" " ind2=" ">
   <subfield code="a">DE-627</subfield>
   <subfield code="b">ger</subfield>
   <subfield code="c">DE-627</subfield>
   <subfield code="e">rda</subfield>
  </datafield>
  <datafield tag="041" ind1=" " ind2=" ">
   <subfield code="a">ger</subfield>
  </datafield>
  <datafield tag="084" ind1=" " ind2=" ">
   <subfield code="a">KUNST</subfield>
   <subfield code="q">DE-16</subfield>
   <subfield code="2">fid</subfield>
  </datafield>
  <datafield tag="084" ind1=" " ind2=" ">
   <subfield code="a">ALT-KA</subfield>
   <subfield code="q">DE-16</subfield>
   <subfield code="2">fid</subfield>
  </datafield>
  <datafield tag="100" ind1="1" ind2=" ">
   <subfield code="a">Petersen, Stefan</subfield>
   <subfield code="d">1965-</subfield>
   <subfield code="e">VerfasserIn</subfield>
   <subfield code="0">(DE-588)104403193X</subfield>
   <subfield code="0">(DE-627)77129008X</subfield>
   <subfield code="0">(DE-576)396646662</subfield>
   <subfield code="4">aut</subfield>
  </datafield>
  <datafield tag="245" ind1="1" ind2="0">
   <subfield code="a">[Rezension von: Jürgen Petersohn, Kaiserlicher Gesandter und Kurienbischof, Andreas Jamometic am Hof Papst Sixtus’ IV. (1478-1481), Aufschlüsse aus neuen Quellen]</subfield>
   <subfield code="c">Stefan Petersen</subfield>
  </datafield>
  <datafield tag="264" ind1=" " ind2="1">
   <subfield code="c">2006</subfield>
  </datafield>
  <datafield tag="336" ind1=" " ind2=" ">
   <subfield code="a">Text</subfield>
   <subfield code="b">txt</subfield>
   <subfield code="2">rdacontent</subfield>
  </datafield>
  <datafield tag="337" ind1=" " ind2=" ">
   <subfield code="a">Computermedien</subfield>
   <subfield code="b">c</subfield>
   <subfield code="2">rdamedia</subfield>
  </datafield>
  <datafield tag="338" ind1=" " ind2=" ">
   <subfield code="a">Online-Ressource</subfield>
   <subfield code="b">cr</subfield>
   <subfield code="2">rdacarrier</subfield>
  </datafield>
  <datafield tag="500" ind1=" " ind2=" ">
   <subfield code="a">Gesehen am 26.01.2021</subfield>
  </datafield>
  <datafield tag="655" ind1=" " ind2="7">
   <subfield code="a">Rezension</subfield>
   <subfield code="0">(DE-588)4049712-4</subfield>
   <subfield code="0">(DE-627)106186019</subfield>
   <subfield code="0">(DE-576)209083166</subfield>
   <subfield code="2">gnd-content</subfield>
  </datafield>
  <datafield tag="689" ind1="0" ind2="0">
   <subfield code="d">p</subfield>
   <subfield code="0">(DE-588)118827219</subfield>
   <subfield code="0">(DE-627)079601677</subfield>
   <subfield code="0">(DE-576)210085924</subfield>
   <subfield code="a">Zamometić, Andreas</subfield>
   <subfield code="d">1420-1484</subfield>
   <subfield code="2">gnd</subfield>
  </datafield>
  <datafield tag="689" ind1="0" ind2="1">
   <subfield code="d">p</subfield>
   <subfield code="0">(DE-588)118797476</subfield>
   <subfield code="0">(DE-627)079572847</subfield>
   <subfield code="0">(DE-576)167007998</subfield>
   <subfield code="a">Sixtus</subfield>
   <subfield code="b">IV.</subfield>
   <subfield code="c">Papst</subfield>
   <subfield code="d">1414-1484</subfield>
   <subfield code="2">gnd</subfield>
  </datafield>
  <datafield tag="689" ind1="0" ind2="2">
   <subfield code="d">s</subfield>
   <subfield code="0">(DE-588)4025453-7</subfield>
   <subfield code="0">(DE-627)106293397</subfield>
   <subfield code="0">(DE-576)208960856</subfield>
   <subfield code="a">Hof</subfield>
   <subfield code="2">gnd</subfield>
  </datafield>
  <datafield tag="689" ind1="0" ind2=" ">
   <subfield code="5">(DE-627)</subfield>
  </datafield>
  <datafield tag="773" ind1="0" ind2="8">
   <subfield code="i">Enthalten in</subfield>
   <subfield code="t">Concilium medii aevi</subfield>
   <subfield code="d">Heidelberg : Propylaeum, 1998</subfield>
   <subfield code="g">9(2006), Seite 1001-1002</subfield>
   <subfield code="h">Online-Ressource</subfield>
   <subfield code="w">(DE-627)31135162X</subfield>
   <subfield code="w">(DE-600)2008805-X</subfield>
   <subfield code="w">(DE-576)115905197</subfield>
   <subfield code="x">1437-904X</subfield>
   <subfield code="7">nnns</subfield>
  </datafield>
  <datafield tag="773" ind1="1" ind2="8">
   <subfield code="g">volume:9</subfield>
   <subfield code="g">year:2006</subfield>
   <subfield code="g">pages:1001-1002</subfield>
  </datafield>
  <datafield tag="787" ind1="0" ind2="8">
   <subfield code="i">Rezension von</subfield>
   <subfield code="a">Petersohn, Jürgen, 1935 - 2017</subfield>
   <subfield code="t">Kaiserlicher Gesandter und Kurienbischof</subfield>
   <subfield code="d">Hannover : Hahn, 2004</subfield>
   <subfield code="h">XXVIII, 184 S.</subfield>
   <subfield code="w">(DE-627)1611265355</subfield>
   <subfield code="w">(DE-576)111291216</subfield>
   <subfield code="z">3775257357</subfield>
  </datafield>
  <datafield tag="856" ind1="4" ind2="0">
   <subfield code="u">https://doi.org/10.11588/cma.2006.0.77714</subfield>
   <subfield code="x">Verlag</subfield>
   <subfield code="x">Resolving-System</subfield>
   <subfield code="z">kostenfrei</subfield>
   <subfield code="3">Volltext</subfield>
  </datafield>
  <datafield tag="856" ind1="4" ind2="0">
   <subfield code="u">https://journals.ub.uni-heidelberg.de/index.php/cma/article/view/77714</subfield>
   <subfield code="x">Verlag</subfield>
   <subfield code="z">kostenfrei</subfield>
   <subfield code="3">Volltext</subfield>
  </datafield>
  <datafield tag="951" ind1=" " ind2=" ">
   <subfield code="a">AR</subfield>
  </datafield>
  <datafield tag="994" ind1=" " ind2=" ">
   <subfield code="u">https://journals.ub.uni-heidelberg.de/index.php/cma/article/download/77714/71639/213465</subfield>
  </datafield>
  <datafield tag="994" ind1=" " ind2=" ">
   <subfield code="u">https://journals.ub.uni-heidelberg.de/index.php/cma/article/download/77714/71639/213465</subfield>
  </datafield>
  <datafield tag="990" ind1=" " ind2=" ">
   <subfield code="a">Zamometić, Andreas</subfield>
  </datafield>
  <datafield tag="990" ind1=" " ind2=" ">
   <subfield code="a">Sixtus &lt;IV., Papst&gt; </subfield>
  </datafield>
  <datafield tag="990" ind1=" " ind2=" ">
   <subfield code="a">Hof</subfield>
  </datafield>
  <datafield tag="991" ind1=" " ind2=" ">
   <subfield code="a">Rezension (Monographie, Zeitschrift, Aufsatz)</subfield>
  </datafield>
  <datafield tag="999" ind1=" " ind2=" ">
   <subfield code="a">KXP-PPN1745797491</subfield>
   <subfield code="e">4020851115</subfield>
  </datafield>
 </record>
</collection>
